| 000 -LEADER |
| fixed length control field |
00722nam a22001577a 4500 |
| 003 - CONTROL NUMBER IDENTIFIER |
| control field |
OSt |
| 005 - DATE AND TIME OF LATEST TRANSACTION |
| control field |
20160401105721.0 |
| 008 - FIXED-LENGTH DATA ELEMENTS--GENERAL INFORMATION |
| fixed length control field |
160401b xxu||||| |||| 00| 0 eng d |
| 040 ## - CATALOGING SOURCE |
| Transcribing agency |
RUA |
| 082 ## - DEWEY DECIMAL CLASSIFICATION NUMBER |
| Classification number |
AGR KHA 2010 B472 Or.1 |
| 100 ## - MAIN ENTRY--PERSONAL NAME |
| 9 (RLIN) |
8298 |
| Personal name |
KHAN KOSAL; ខាន់ កុសល |
| 245 ## - TITLE STATEMENT |
| Title |
Effect of seed priming with various fti-7 fertilizer concentrations on seed quality of ir 66 rice; ឥទ្ធិពលនៃការត្រាំគ្រាប់ក្នុងកំហាប់ជីអេហ្វធីអាយ៧ លើដំណុះនៃគ្រាប់ពូជស្រូវអ៊ីអ៊ែ៦៦ |
| 260 ## - PUBLICATION, DISTRIBUTION, ETC. (IMPRINT) |
| Place of publication, distribution, etc. |
Phnom Penh |
| Name of publisher, distributor, etc. |
RUA |
| Date of publication, distribution, etc. |
2010 |
| 300 ## - PHYSICAL DESCRIPTION |
| Extent |
xii;56p. |
| Other physical details |
ill. |
| Dimensions |
29cm. |
| 942 ## - ADDED ENTRY ELEMENTS (KOHA) |
| Source of classification or shelving scheme |
|
| Koha item type |
AGR |